000 00790nam a2200253 i 4500
001 000030603
003 DO-SdBNP
005 20250219104747.0
007 ta
008 110524s1946 dr 000 | spa d
040 _aDO-SdBNP
_bspa
_cBNPHU
082 _axxx
_bU92i
_222
100 1 _aCipriano,
_d1886-1958
_c de Utrera, fray,
_eautor
_950420
245 1 3 _aLa Inmaculada Concepción /
_cFray Cipriano de Utrera.
264 _aCiudad Trujillo, República Dominicana :
_bImprenta Franciscana,
_c1946.
300 _a119 páginas ;
_c21 cm.
336 _ardacontent
_btexto
_2txt
337 _ardamedia
_bsin mediación
_2n
338 _ardacarrier
_bvolumen
_2nc
500 _aIncluye notas al pie de las páginas.
590 _aInventariado, 2024/DG
910 _aDG
942 _2ddc
_cLBS1
999 _c30095
_d30095